00684cam a22002291 4500001001300000003000400013005001700017008004100034010001700075025002000092035001900112040002100131042001200152050002200164100003000186245005600216250001800272260006300290300003600353650004800389999001700437sa 64001557 DLC20260227112003.0830210s1963 ii 000 0 eng  asa 64001557  aPL480: I-E-2639 a(OCoLC)9211398 aDLCcICarbSdDLC apremarc00aPK2903b.G59 19631 aGopālaiyaṅgāra, Ve.12aA concise history of classical Sanskrit literature. a[3d ed., rev. aKumbakonam, India,bPrinted at Jemini Print. House]c1963. aviii, 263, 7 p.btable.c18 cm. 0aSanskrit literaturexHistory and criticism. c56803d56803